Air quality criteria for sulfur oxides
Αποθηκεύτηκε σε:
| Συγγραφή απο Οργανισμό/Αρχή: | |
|---|---|
| Μορφή: | Βιβλίο |
| Γλώσσα: | English |
| Δημοσίευση: |
Washington :
U.S. Department of Health, Education and Welfare,
1970
|
| Θέματα: | |
| Ετικέτες: |
Προσθήκη ετικέτας
Δεν υπάρχουν, Καταχωρήστε ετικέτα πρώτοι!
|
MARC
| LEADER | 00000cam a2200000 i 4500 | ||
|---|---|---|---|
| 001 | 1/105697 | ||
| 008 | 950623s1970 eng d | ||
| 035 | |l 10013772 | ||
| 040 | |a GR-MY-UA |b gre |e aacr | ||
| 041 | 0 | |a eng | |
| 082 | 0 | |a 628.53 | |
| 110 | 1 | |a United States. |b Department of Health, Education, and Welfare. | |
| 245 | 1 | 0 | |a Air quality criteria for sulfur oxides / |c U.S. Department of Health, Education and Welfare |
| 260 | |a Washington : |b U.S. Department of Health, Education and Welfare, |c 1970 | ||
| 300 | |a 178 p. |b Tables, fig. | ||
| 504 | |a Includes indexes and bibliographical references | ||
| 650 | 0 | 0 | |a Air quality |x Standards |z United States. |
| 650 | 0 | 0 | |a Sulphur oxides. |
| 852 | |a INST |b LESVOS |e 19950623 |h 628.53 UNI |p 005100008578 |q 005100008578 |t BK |y 0 | ||
| 909 | |a Λ |b 008668 | ||
| 970 | |z 2000/05/ΟΙΚΟΝΟΜΟΠΟΥΛΟΥ ΧΡΙΣΤΙΝΑ | ||